[Event "CGC KO 2022"]
[Site "chess.com INT"]
[Date "2022.11.04"]
[Round "5.2"]
[White "So,W"]
[Black "Nakamura,Hi"]
[Result "1/2-1/2"]
[WhiteElo "2771"]
[BlackElo "2768"]

1.e4 e5 2.Nf3 Nc6 3.Bb5 Nf6 4.d3 Bc5 5.c3 O-O 6.O-O d5 7.Nbd2 dxe4 8.dxe4 a5
9.a4 Qe7 10.Qc2 Nb8 11.Re1 Rd8 12.Nf1 c6 13.Bc4 h6 14.Ng3 Ng4 15.Rf1 Be6
16.Bxe6 Qxe6 17.h3 Nf6 18.Rb1 Nbd7 19.b4 Bf8 20.Be3 b5 21.axb5 cxb5 22.bxa5 Rxa5
23.Qb3 Qc6 24.Rfd1 Re8 25.Qc2 Nc5 26.Nd2 Ra4 27.Bxc5 Bxc5 28.Qd3 Rb8 29.Nf3 Ra2
30.Rd2 Rxd2 31.Qxd2 Nxe4 32.Nxe4 Qxe4 33.Re1 Qb7 34.Rxe5 Qc7 35.Qe2 Bf8  1/2-1/2

[Event "CGC KO 2022"]
[Site "chess.com INT"]
[Date "2022.11.05"]
[Round "5.7"]
[White "Nakamura,Hi"]
[Black "So,W"]
[Result "0-1"]
[WhiteElo "2768"]
[BlackElo "2771"]

1.e4 e5 2.Nf3 Nc6 3.Nc3 Nf6 4.Bb5 Nd4 5.Bc4 Bc5 6.Nxe5 Qe7 7.Nf3 d5 8.Nxd5 Qxe4+
9.Ne3 Bg4 10.Be2 Nxe2 11.Qxe2 O-O-O 12.d3 Qe7 13.Bd2 Rhe8 14.O-O-O Nd5 15.Rhe1 Qd7
16.Qf1 Bh5 17.Kb1 f6 18.h3 b6 19.g4 Bf7 20.Nf5 Nb4 21.Bxb4 Bxb4 22.Rxe8 Rxe8
23.a3 Bf8 24.Nd2 h5 25.Re1 Rd8 26.Ne4 Kb8 27.Nc3 Be6 28.Nd4 Bf7 29.Re4 Bg6
30.Rf4 hxg4 31.Qg2 Be8 32.hxg4 Bd6 33.Re4 Be5 34.Nce2 g5 35.Nf3 Bd6 36.Ned4 Bf7
37.Nf5 Bc5 38.Ne3 Bg6 39.Rc4 Bf7 40.Rxc5 bxc5 41.Nd2 Bd5 42.Qh3 Be6 43.Qf3 Qd4
44.b3 Bc8 45.Ndc4 Bb7 46.Qh3 Qf4 47.Na5 Qf3 48.Qh7 Qh1+ 49.Qxh1 Bxh1 50.Kc1 Bf3
51.Nac4 Rd4 52.Nd2 Rf4 53.b4 cxb4 54.axb4 Bxg4 55.Ne4 f5 56.Nxg5 Rxf2 57.Nd5 f4
58.Ne4 Rf1+ 59.Kd2 c6 60.Ndf6 Rg1 61.c4 Rg2+ 62.Kc3 Bf5 63.Kd4 Re2 64.Ng5 Kc7
65.Nh5 Rg2 66.Nf3 Bg4 67.Nxf4 Rf2 68.Ne5 Rxf4+ 69.Ke3 Rf1 70.Nxg4 Rb1 71.Kd4 Rxb4
72.Kc3 Rb1 73.Kc2 Rb8 74.Nf2 a5  0-1

[Event "CGC KO 2022"]
[Site "chess.com INT"]
[Date "2022.11.05"]
[Round "5.5"]
[White "Nakamura,Hi"]
[Black "So,W"]
[Result "1/2-1/2"]
[WhiteElo "2768"]
[BlackElo "2771"]

1.e4 e5 2.Nf3 Nc6 3.d4 exd4 4.Nxd4 Nf6 5.Nxc6 bxc6 6.Nd2 d5 7.exd5 cxd5 8.Bb5+ Bd7
9.Bxd7+ Qxd7 10.O-O Be7 11.b3 O-O 12.Bb2 a5 13.Re1 a4 14.Qf3 Rfe8 15.Re2 axb3
16.cxb3 Ra6 17.Qd3 Rea8 18.a4 c5 19.Rd1 Qb7 20.Nf1 c4 21.bxc4 dxc4 22.Qc2 Bf8
23.Bxf6 Rxf6 24.Qxc4 Rc6 25.Qa2 Qb4 26.Rb2 Qxa4 27.Qxa4 Rxa4 28.Rb8 f5 29.Rdd8 Rf6
30.g3 g6 31.Ne3 Kg7 32.Nd5 Rf7 33.Nf4 Ra6 34.Rbc8 Bd6 35.Ne6+ Kf6 36.Nd4 Rc7
37.Rxd6+ Rxd6 38.Rxc7 Rxd4 39.Rxh7 g5 40.h3 Rd1+ 41.Kg2 Rd4 42.Rh6+ Kg7 43.Re6 Rc4
44.Rd6 Rb4 45.Re6 Ra4 46.Kf3 Kf7 47.Rh6 Ra3+ 48.Kg2 Ra4 49.h4 gxh4 50.Rxh4 Ra3
51.Rh6 Kg7 52.Rc6 Ra2 53.Kf3 Ra4 54.Rd6 Kf7 55.Rh6 Kg7 56.Rc6 Kf7 57.Ke3 Re4+
58.Kd3 Ra4 59.Rh6 Ra3+ 60.Ke2 Ra2+ 61.Ke3 Kg7 62.Rd6 Ra4 63.Rd4 Ra2 64.f3 Ra6
65.Rd2 Kf6 66.Kf2 Ra3 67.Kg2 Rb3 68.Rd6+ Kf7 69.Ra6 Kg7 70.Rc6 Kf7 71.Rc1 Kg7
72.Rd1 Ra3 73.Re1 Kf7 74.Kf2 Ra2+ 75.Re2 Ra3 76.Rb2 Kf6 77.Kg2 Kg6 78.Rb6+ Kf7
79.f4 Ra1 80.Rc6 Rb1 81.Rd6 Ra1 82.Rd2 Ra8 83.Rc2 Rb8 84.Rc7+ Kg6 85.Rc6+ Kf7
86.Rh6 Kg7 87.Rh1 Kg6 88.Re1 Kf6 89.Ra1 Kf7 90.Ra5 Kg6 91.Ra6+ Kf7 92.Ra3 Rb1
93.Kf3 Rb8 94.Ke3 Rb4 95.Rc3 Kf6 96.Kd3 Ra4 97.Rc4 Ra3+ 98.Rc3 Ra4 99.Ke2 Ra2+
100.Kf3 Ra4 101.Rc6+ Kf7 102.Ke3 Ra3+ 103.Kd4 Rxg3 104.Ke5 Ra3 105.Rf6+ Kg7
106.Rxf5 Ra5+ 107.Ke4 Rxf5 108.Kxf5 Kf7 109.Ke5 Ke7 110.f5 Kf7 111.f6 Kf8
112.Kf5 Kf7 113.Ke5 Kf8 114.Ke6 Ke8 115.f7+ Kf8 116.Kf6  1/2-1/2

[Event "CGC KO 2022"]
[Site "chess.com INT"]
[Date "2022.11.05"]
[Round "5.6"]
[White "So,W"]
[Black "Nakamura,Hi"]
[Result "1/2-1/2"]
[WhiteElo "2771"]
[BlackElo "2768"]

1.e4 e5 2.Nf3 Nc6 3.Bc4 Nf6 4.d3 Bc5 5.c3 d6 6.O-O a6 7.a4 Ba7 8.Re1 O-O
9.h3 h6 10.Nbd2 Re8 11.b4 Be6 12.Bxe6 Rxe6 13.Rb1 b5 14.Ra1 Rb8 15.Nf1 Bb6
16.Ng3 d5 17.Qc2 dxe4 18.dxe4 Ne8 19.Be3 Bxe3 20.Rxe3 Nd6 21.Rd3 Qe8 22.Nd2 Nd8
23.Nf5 Qf8 24.Nb3 N8b7 25.Nxd6 Rxd6 26.Rxd6 Qxd6 27.Rd1 Qe6 28.a5 Rc8 29.Rd5 c6
30.Nc5 Nxc5 31.Rxc5  1/2-1/2

[Event "CGC KO 2022"]
[Site "chess.com INT"]
[Date "2022.11.05"]
[Round "5.8"]
[White "So,W"]
[Black "Nakamura,Hi"]
[Result "1-0"]
[WhiteElo "2771"]
[BlackElo "2768"]

1.d4 g6 2.c4 Bg7 3.Nf3 d6 4.Nc3 Nd7 5.e4 Ngf6 6.e5 Ng4 7.h3 Nh6 8.g4 Ng8
9.Qe2 b6 10.Bf4 Bb7 11.O-O-O dxe5 12.dxe5 e6 13.Bg2 Ne7 14.Rd2 Qc8 15.Rhd1 Bc6
16.b4 a6 17.Bg5 h6 18.Bxe7 Kxe7 19.b5 axb5 20.cxb5 Bd5 21.Nxd5+ exd5 22.Rxd5 Nc5
23.Nd4 Re8 24.Rd8 Qxd8 25.Nc6+ Kf8 26.Rxd8 Raxd8 27.Nxd8 Rxd8 28.Bf1 g5 29.Qe3 Rd5
30.Bc4 Bxe5 31.Qf3 Bf4+ 32.Kb1 Rd4 33.Bb3 Ne4 34.Kc2 Nc5 35.Qc3 Be5 36.Qe3 Re4
37.Qd2 Rf4 38.Qe2 Re4 39.Qd2 Rd4 40.Qe3 Bf6 41.f3 Rd7 42.Bc4 Re7 43.Qd2 Kg7
44.Bb3 Re5 45.f4 gxf4 46.Qxf4 Nb7 47.Bc4 Rc5 48.Kd1 Nd6 49.Bd3 Rd5 50.Ke2 Rd4
51.Qc1 Ne8 52.Qc6 Kf8 53.Bf5 Bg5 54.h4 Rd6 55.Qh1 Bf4 56.Qa8 Bg3 57.g5 hxg5
58.hxg5 Bf4 59.Qh1 Bxg5 60.Qh8+ Ke7 61.Qe5+ Kd8 62.Be4 Bf6 63.Qg3 Re6 64.Kd3 Be5
65.Qf3 Nf6 66.Bf5 Rd6+ 67.Kc2 Rd5 68.Bd3 Rc5+ 69.Kd1 Ke7 70.a4 Nd5 71.Qh3 Bf6
72.Qf3 Nc3+ 73.Ke1 Re5+ 74.Kd2 Nxa4 75.Bc4 Bg5+ 76.Kc2 Bf6 77.Qa8 Nc5 78.Qc6 Nd7
79.Kb3 Re3+ 80.Ka2 Be5 81.Qd5 Bd6 82.Qxf7+ Kd8 83.Be6 Re2+ 84.Kb1 Re1+ 85.Kc2 Nf8
86.Qf6+ Be7 87.Qd4+ Ke8 88.Bd5 Rf1 89.Bc6+ Kf7 90.Qc4+ Kg7 91.Qxf1  1-0

[Event "Tata Steel India Rapid"]
[Site "Kolkata IND"]
[Date "2022.11.29"]
[Round "1.1"]
[White "Nihal,Sarin"]
[Black "Nakamura,Hi"]
[Result "1/2-1/2"]
[WhiteElo "2670"]
[BlackElo "2768"]

1.c4 Nf6 2.Nc3 e5 3.Nf3 Nc6 4.d3 Bb4 5.Bd2 O-O 6.g3 Nd4 7.Bg2 Re8 8.Nxd4 exd4
9.Nb5 Bxd2+ 10.Qxd2 d5 11.cxd5 Bh3 12.Bxh3 Qxd5 13.O-O Qxb5 14.Bg2 c6 15.a4 Qf5
16.b4 a6 17.Qb2 Rad8 18.b5 axb5 19.axb5 Qxb5 20.Qxb5 cxb5 21.Ra2 Nd5 22.Bxd5 Rxd5
23.Rb1 h5 24.Rab2 h4 25.Kg2 hxg3 26.hxg3 Rde5 27.Rxb5 Rxb5 28.Rxb5 Rxe2  1/2-1/2

[Event "Tata Steel India Rapid"]
[Site "Kolkata IND"]
[Date "2022.11.29"]
[Round "2.3"]
[White "Nakamura,Hi"]
[Black "So,W"]
[Result "0-1"]
[WhiteElo "2768"]
[BlackElo "2760"]

1.d4 d5 2.c4 e6 3.Nc3 Nf6 4.cxd5 exd5 5.Bg5 Bb4 6.Nf3 h6 7.Bh4 O-O 8.e3 Bf5
9.Be2 Nbd7 10.Nd2 c6 11.Bg3 Qe7 12.Qb3 Nb6 13.O-O Rfe8 14.a3 Bd6 15.Bxd6 Qxd6
16.a4 Rab8 17.a5 Nbd7 18.Qa3 Qe6 19.Rfe1 Ne4 20.Ncxe4 Bxe4 21.a6 b6 22.Rac1 Bf5
23.b4 Qg6 24.Rc3 Re6 25.Rec1 Rbe8 26.Bf1 b5 27.Qa5 Nb6 28.Nf3 Nc4 29.Qc7 R6e7
30.Qg3 Qxg3 31.hxg3 Rb8 32.Ra1 Rb6 33.Ne1 Bc8 34.Rc2 Rxa6 35.Rxa6 Bxa6 36.Nd3 Bc8
37.Ra2 Kf8 38.Nc5 Nd6 39.Bd3 Ke8 40.Kf1 Kd8 41.Ke2 a6 42.f3 f5 43.Kd2 Ra7
44.Kc3 Kc7 45.Ra1 Kb6 46.Nb3 Re7 47.Re1 Nb7 48.Bc2 a5 49.Bd3 a4 50.Nc5 Nxc5
51.dxc5+ Kc7 52.Kd4 Kd8 53.Bb1 Ke8 54.Rh1 Kf7 55.Rh5 Kg6 56.Rh1 Kg5 57.Bc2 Bd7
58.Rh4 h5 59.Rh1 Be8 60.Bd3 Bf7 61.Bb1 Kf6 62.Rh2 Re8 63.Rh1 Rh8 64.Bc2 Be6
65.Bd3 Rh6 66.f4 Bf7 67.Be2 Rh8 68.Bd3 g5 69.Bc2 Rg8 70.Rh2 a3 71.Bb3 Re8
72.Bc2 a2 73.Rh1 Ra8 74.Ra1 Ra3 75.Bd1 Bg6 76.Be2 gxf4 77.gxf4 h4 78.Bf3 Bf7
79.Bd1 Be8 80.Be2 Bd7 81.Bd1 Be6 82.Bc2 Bg8 83.Bd1 Bf7 84.Bf3 Ra4 85.Kc3 h3
86.gxh3 d4+ 87.Kc2 dxe3 88.Kc3 Ra3+ 89.Kd4 Rb3 90.Rxa2 Rxb4+  0-1

[Event "Tata Steel India Rapid"]
[Site "Kolkata IND"]
[Date "2022.11.29"]
[Round "3.3"]
[White "Abdusattorov,Nodirbek"]
[Black "Nakamura,Hi"]
[Result "1-0"]
[WhiteElo "2713"]
[BlackElo "2768"]

1.e4 e5 2.Nf3 Nc6 3.Bb5 Nf6 4.d3 Bc5 5.c3 O-O 6.O-O d5 7.exd5 Qxd5 8.Bc4 Qd8
9.b4 Be7 10.Nbd2 Bf5 11.Qc2 a6 12.a4 Nd5 13.a5 b5 14.axb6 Nxb6 15.Rd1 Nxc4
16.Nxc4 Bf6 17.Ne3 Be6 18.Nd2 Be7 19.Re1 Qd7 20.Qa4 Rad8 21.Nf3 f6 22.Bb2 Bf7
23.Qxa6 Nb8 24.Qb7 Qxd3 25.Rad1 Qa6 26.Qxc7 Bd6 27.Qa5 Qxa5 28.bxa5 Bc7 29.Ra1 Nc6
30.a6 Ra8 31.Nd2 Na5 32.Ba3 Rfb8 33.Bb4 Nc6 34.Bc5 Rb5 35.Ne4 Bg6 36.Nd5 Bd8
37.c4 Ra5 38.Rxa5 Bxa5 39.Re2 Rxa6 40.g4 Bd8 41.h4 Nb8 42.Nd6 Nd7 43.Bb4 h5
44.Nb7 Bb6 45.c5 Bf7 46.Rd2 Nxc5 47.Nxc5 Bxc5 48.Bxc5 hxg4 49.Ne3 Be6 50.Rd8+ Kh7
51.Kg2 Rc6 52.Rd6 Rxd6 53.Bxd6 Kg6 54.Kg3 Kh5 55.Ng2 Bd5 56.Ne3 Be6 57.Bc7 Bd7
58.Nc4 Be6 59.Nd2 Bd5 60.Nb1 Bb7 61.Bd6 Be4 62.Nc3 Bc6 63.Bc7 Bd7 64.Ne4 Bc6
65.Nc5 Bd5 66.Bd6 Bc6 67.Be7 Bd5 68.Bd8 Bc4 69.Ne4 Bd5 70.Nd6 Be6 71.Ne4 Bd5
72.Nc5 Bc4 73.Be7 Bd5 74.Bf8 f5 75.Be7 f4+ 76.Kh2 e4 77.Bg5 Bc6 78.Bxf4 Kxh4
79.Bg3+ Kg5 80.Ne6+ Kf6 81.Nd4 Bd7 82.Bd6 Bc8 83.Kg3 Kg5 84.Be7+  1-0

[Event "Tata Steel India Rapid"]
[Site "Kolkata IND"]
[Date "2022.11.30"]
[Round "4.3"]
[White "Nakamura,Hi"]
[Black "Mamedyarov,S"]
[Result "1-0"]
[WhiteElo "2768"]
[BlackElo "2741"]

1.Nf3 Nf6 2.e3 g6 3.b3 Bg7 4.Bb2 c5 5.c4 O-O 6.Be2 b6 7.O-O Bb7 8.Qc2 Nc6
9.Rd1 d5 10.cxd5 Nb4 11.Qc1 Qxd5 12.Nc3 Qf5 13.d4 Rac8 14.dxc5 Bxf3 15.Bxf3 Nd3
16.e4 Qxf3 17.gxf3 Nxc1 18.Raxc1 Rxc5 19.Ba3 Rg5+ 20.Kf1 Re8 21.Rc2 Rh5 22.Kg1 Bf8
23.Ne2 Ra5 24.Bb4 Rb5 25.Bd2 Rc5 26.Rxc5 bxc5 27.Bc3 Rc8 28.e5 Ne8 29.Rd7 a6
30.Ra7 Rc6 31.Ra8 Ng7 32.Nf4 e6 33.Ng2 Nf5 34.Ne3 Nxe3 35.fxe3 Kg7 36.Kf2 c4
37.b4 Be7 38.Ke2 h5 39.Rb8 g5 40.h3 Kg6 41.a4 Rc7 42.Rb6 Rd7 43.Rc6 Kf5 44.Rxc4 Rb7
45.Kd3 Bf8 46.a5 Be7 47.Kc2  1-0

[Event "Tata Steel India Rapid"]
[Site "Kolkata IND"]
[Date "2022.11.30"]
[Round "5.5"]
[White "Vidit,S"]
[Black "Nakamura,Hi"]
[Result "1/2-1/2"]
[WhiteElo "2724"]
[BlackElo "2768"]

1.e4 e5 2.Nf3 Nc6 3.Bc4 Nf6 4.d3 Bc5 5.O-O d6 6.c3 a6 7.a4 Ba7 8.Re1 O-O
9.h3 h6 10.Nbd2 Re8 11.b4 Be6 12.Bxe6 Rxe6 13.Rb1 Qd7 14.Qc2 b5 15.Ra1 Rae8
16.axb5 axb5 17.Nf1 d5 18.Ng3 Bb6 19.Nf5 Ne7 20.Nxe7+ R6xe7 21.Be3 Bxe3 22.Rxe3 Qc6
23.Re2 dxe4 24.dxe4 Nd7 25.Nd2 Nb6 26.Nb3 Nc4 27.Na5  1/2-1/2

[Event "Tata Steel India Rapid"]
[Site "Kolkata IND"]
[Date "2022.11.30"]
[Round "6.4"]
[White "Nakamura,Hi"]
[Black "Maghsoodloo,Parham"]
[Result "1-0"]
[WhiteElo "2768"]
[BlackElo "2720"]

1.d4 Nf6 2.c4 e6 3.Nc3 Bb4 4.e3 O-O 5.Bd2 c5 6.Nf3 b6 7.Bd3 Bb7 8.a3 Bxc3
9.Bxc3 cxd4 10.exd4 d5 11.b3 a5 12.a4 Nbd7 13.O-O Rc8 14.Bb2 Qc7 15.Re1 Rfd8
16.Rc1 dxc4 17.bxc4 Qf4 18.Rb1 h6 19.Bc1 Qc7 20.h3 Nb8 21.Bb2 Nbd7 22.Nd2 Qf4
23.Nf1 Qg5 24.Ng3 Ba6 25.Qe2 Qf4 26.Nf1 Nb8 27.Ne3 Nc6 28.Nc2 Qd6 29.Bc3 Nb4
30.Bxb4 axb4 31.Red1 Bb7 32.Rxb4 Ra8 33.Rdb1 Nd7 34.c5 Qc6 35.f3 Qc8 36.cxb6 Nf6
37.Ne3 Qb8 38.Qf2 Qf4 39.Bf1 Qg5 40.Rb5 Qf4 41.R5b4 Qg5 42.h4 Qg6 43.Rc1 Ne8
44.Rc5 Qf6 45.a5 Qe7 46.Nc4 Rd5 47.Rb1 Qd8 48.Ra1 Rxd4 49.Ne5 Rd1 50.Nc6 Qd6
51.Rxd1 Qxd1 52.Nb4 Qa1 53.a6 Bxa6 54.Nxa6 Rxa6 55.Rc8 Qb1 56.Rxe8+ Kh7 57.Rb8 Ra1
58.h5 Qb5 59.Rc8 Rb1 60.Qc2+ f5 61.Qf2 Ra1 62.Rc2 Rb1 63.Re2 e5 64.b7 Qxb7
65.Rxe5 Qf7 66.Qc2 Qa7+ 67.Kh2 Qb8 68.Qxf5+ Kg8 69.Bc4+  1-0

[Event "Tata Steel India Rapid"]
[Site "Kolkata IND"]
[Date "2022.12.01"]
[Round "7.3"]
[White "Gukesh,D"]
[Black "Nakamura,Hi"]
[Result "1/2-1/2"]
[WhiteElo "2725"]
[BlackElo "2768"]

1.e4 e5 2.Nf3 Nc6 3.Bb5 Nf6 4.d3 Bc5 5.Bxc6 dxc6 6.Nbd2 Be6 7.O-O Bd6 8.Nb3 O-O
9.Na5 Qc8 10.Ng5 Bg4 11.Nf3 Nd7 12.h3 Bh5 13.Nc4 Re8 14.Ne3 f6 15.Kh1 Nc5
16.Nf5 Ne6 17.g4 Bg6 18.Rg1 h6 19.Be3 Qd7 20.Qf1 c5 21.h4 Kf7 22.c3 Qc6 23.b3 Rad8
24.Qe2 Rh8 25.h5 Bh7 26.Rgd1 Rd7 27.Kg1 Rhd8 28.a4 Bf8 29.Rd2 b6 30.Ne1 Bg8
31.Ng2 Bd6 32.Rf1 Kf8 33.c4 Bh7 34.Qd1  1/2-1/2

[Event "Tata Steel India Rapid"]
[Site "Kolkata IND"]
[Date "2022.12.01"]
[Round "9.2"]
[White "Sethuraman,S"]
[Black "Nakamura,Hi"]
[Result "0-1"]
[WhiteElo "2643"]
[BlackElo "2768"]

1.e4 g6 2.d4 Bg7 3.Nf3 d6 4.c3 Nc6 5.Bd3 Nf6 6.h3 O-O 7.d5 Nb8 8.c4 e5 9.Nc3 a5
10.Bg5 Qe8 11.Qd2 Nfd7 12.g4 Nc5 13.Bc2 Nba6 14.a3 Bd7 15.Qe2 Na4 16.Nxa4 Bxa4
17.b3 Bd7 18.Nd2 c6 19.h4 cxd5 20.exd5 e4 21.Rd1 f5 22.gxf5 gxf5 23.Rg1 Kh8
24.Bf4 Qe7 25.Qe3 Be5 26.Bxe5+ Qxe5 27.f4 Qf6 28.Rg5 h6 29.Rg3 Rg8 30.Nf1 Rxg3
31.Nxg3 Rg8 32.Kd2 Rg4 33.Rg1 Rxh4 34.Ne2 Be8 35.Qd4 Qxd4+ 36.Nxd4 Rg4 37.Rh1 Rg2+
38.Kc3 Rg3+ 39.Kd2 Bg6 40.Rxh6+ Kg7 41.Rh2 Nc5 42.Re2 Kf6 43.Re3 Rg4 44.Ne2 Rh4
45.b4 Na6 46.Kc3 axb4+ 47.axb4 Be8 48.Bb3 Bh5 49.Ng3 Bf3 50.Ba4 Rxf4 51.Bd7 Bg4
52.Bc8 Rf2 53.Nxe4+ fxe4 54.Bxg4 Ke5 55.Bc8 Kf4 56.Re1 Rf3+ 57.Kd2 Nxb4 58.Bxb7 Rd3+
59.Ke2 Re3+ 60.Kd2 Rxe1 61.Kxe1 Ke3 62.Bc8 Nd3+ 63.Kf1 Kd4 64.Ke2 Nc5 65.Be6 Nd3
66.Bf5 Nf4+ 67.Kf2 e3+ 68.Kf3 e2 69.Kf2 Kxc4 70.Ke1 Kc3 71.Bh7 Kd4 72.Kd2 Ke5
73.Bc2 Kf6 74.Bb3 Nd3  0-1

[Event "Tata Steel India Blitz"]
[Site "Kolkata IND"]
[Date "2022.12.03"]
[Round "1.3"]
[White "Nihal,Sarin"]
[Black "Nakamura,Hi"]
[Result "1-0"]
[WhiteElo "2670"]
[BlackElo "2768"]

1.d4 Nf6 2.Nf3 d5 3.c3 a5 4.Bf4 Bf5 5.e3 e6 6.a3 c6 7.c4 Nbd7 8.Nc3 Be7 9.h3 h6
10.Be2 dxc4 11.Bxc4 O-O 12.O-O Nd5 13.Bh2 b5 14.Bd3 Bxd3 15.Qxd3 Qb6 16.Rfc1 Rac8
17.Qe2 Qb7 18.Ne4 Rfd8 19.Nd6 Bxd6 20.Bxd6 a4 21.Nd2 N7b6 22.Bc5 Nf6 23.Rc2 Nbd7
24.Be7 Re8 25.Bxf6 Nxf6 26.Rac1 e5 27.Nf3 Nd7 28.dxe5 Nxe5 29.Nxe5 Rxe5 30.Qf3 Re6
31.Rd2 Qc7 32.Rcd1 Re7 33.Rd6 c5 34.Qd5 b4 35.Qc4 Rb8 36.Qa6 bxa3 37.bxa3 Qc8
38.Qxa4 c4 39.Rd8+ Qxd8 40.Rxd8+ Rxd8 41.Qxc4 Ra8 42.a4 Rea7 43.g4 h5 44.Kg2 Rxa4
45.Qd5 hxg4 46.h4 R4a6 47.Qe4 Rd8 48.h5 Rh6 49.Qxg4 Rf6 50.Qb4 Rd5 51.Qb8+ Kh7
52.Qb1+ Kh6 53.f4 Rxh5 54.Qb8 Kh7 55.Qb1+ Rg6+ 56.Kf3 f5 57.Qb4 Rh3+ 58.Ke2 Re6
59.Qc5 Rhxe3+ 60.Kf2 Re2+ 61.Kf1 Kg6 62.Qg1+ Kf7 63.Qa7+ Re7 64.Qc5 g6 65.Qd5+ Kg7
66.Qd4+ Kh7 67.Qf6 R2e4 68.Kg2 Rd7 69.Qc6 Rd2+ 70.Kg3 Rd3+ 71.Kh4 Rd1 72.Kg5 Rde1
73.Qxg6+ Kh8 74.Qf6+ Kg8 75.Qg6+ Kf8 76.Qxf5+ Kg8 77.Qg6+ Kf8 78.Qf6+ Kg8
79.Qg6+ Kf8 80.Qd6+ Kf7 81.Qd5+ Kg7 82.Qd7+ Re7 83.Qd4+ Kf7 84.f5 Re8 85.Qd5+ Kf8
86.Kf6 R1e7 87.Qc5  1-0

[Event "Tata Steel India Blitz"]
[Site "Kolkata IND"]
[Date "2022.12.03"]
[Round "2.2"]
[White "Nakamura,Hi"]
[Black "So,W"]
[Result "1-0"]
[WhiteElo "2768"]
[BlackElo "2760"]

1.Nf3 c5 2.e3 Nf6 3.d4 d5 4.c4 cxd4 5.Nxd4 e5 6.Nf3 Nc6 7.cxd5 Qxd5 8.Bd2 Ne4
9.Nc3 Nxc3 10.Bxc3 Qxd1+ 11.Rxd1 f6 12.Bc4 Bb4 13.Bxb4 Nxb4 14.a3 Nc6 15.Rc1 Ke7
16.Bd5 Bd7 17.b4 Rhc8 18.Ke2 a5 19.b5 Nd8 20.a4 Be6 21.Bxe6 Nxe6 22.Nd2 Nc5
23.Rc4 Nd7 24.Rhc1 Rxc4 25.Rxc4 Kd8 26.Rg4 g5 27.Nb3 h5 28.Re4 Nb6 29.g4 Ke7
30.h4 gxh4 31.gxh5 h3 32.Rh4 Kf7 33.Nc5 Rb8 34.h6 Kg8 35.Rxh3 Kh7 36.Kf3 Nd5
37.Ke4 Nc3+ 38.Kf5 b6 39.Nd7 Rb7 40.Nxf6+  1-0

[Event "Tata Steel India Blitz"]
[Site "Kolkata IND"]
[Date "2022.12.03"]
[Round "3.3"]
[White "Abdusattorov,Nodirbek"]
[Black "Nakamura,Hi"]
[Result "0-1"]
[WhiteElo "2713"]
[BlackElo "2768"]

1.e4 e5 2.Nf3 Nc6 3.Bc4 Nf6 4.d3 Bc5 5.Nc3 a6 6.O-O d6 7.a4 O-O 8.Be3 Bxe3
9.fxe3 Be6 10.Nd2 Nb4 11.a5 d5 12.exd5 Nfxd5 13.Bxd5 Nxd5 14.Nxd5 Bxd5 15.e4 Be6
16.Kh1 f6 17.b3 Qe7 18.Qe2 Qc5 19.Nc4 Rad8 20.Ne3 Rd7 21.Qd2 Qd4 22.Ra4 Qc5
23.Rf3 Rfd8 24.Ra1 Rd4 25.Qe1 R4d7 26.Rd1 b5 27.Qh4 Qe7 28.Rdf1 c5 29.c4 bxc4
30.bxc4 Rd4 31.Qg3 Kh8 32.Nd5 Bxd5 33.exd5 Rb8 34.Re3 Rb3 35.h3 h6 36.Qg6 Rb7
37.Rg3 Rf4 38.Rxf4 exf4 39.Rf3 Qe1+ 40.Kh2 Rb1 41.Rxf4 Qh1+ 42.Kg3 Qe1+ 43.Kh2 Qh1+
44.Kg3 Qe1+ 45.Kg4 Rb2 46.Qe4 Re2 47.Qf3 Re3 48.Qf2 Qd1+ 49.Rf3 Rxd3 50.Qxc5 h5+
51.Kf5 Rxf3+ 52.gxf3 Qxf3+ 53.Ke6 Qxh3+ 54.Kf7 Kh7 55.Qe7 Qc8 56.Qe4+ f5
57.Qe6 Qg8+ 58.Ke7 Qxe6+ 59.dxe6 f4 60.c5 f3 61.c6 f2 62.c7 f1=Q 63.c8=Q h4
64.Qc2+ Kg8 65.Qc3 h3 66.Qg3 Qg2 67.Qb8+  0-1

[Event "Tata Steel India Blitz"]
[Site "Kolkata IND"]
[Date "2022.12.03"]
[Round "4.2"]
[White "Nakamura,Hi"]
[Black "Mamedyarov,S"]
[Result "1/2-1/2"]
[WhiteElo "2768"]
[BlackElo "2740"]

1.Nf3 Nf6 2.e3 g6 3.b4 e6 4.a3 a5 5.b5 Bg7 6.Bb2 O-O 7.c4 d5 8.cxd5 exd5
9.Be2 c5 10.bxc6 bxc6 11.O-O c5 12.d3 Ba6 13.Nc3 d4 14.Na4 dxe3 15.fxe3 Nbd7
16.e4 c4 17.Re1 Rb8 18.Bd4 cxd3 19.Bxd3 Bxd3 20.Qxd3 Ng4 21.Rad1 Nde5 22.Nxe5 Bxe5
23.h3 Bxd4+ 24.Qxd4 Qxd4+ 25.Rxd4 Ne5 26.Rd5 Nc4 27.Nc5 Nb6 28.Rd6 Rfc8  1/2-1/2

[Event "Tata Steel India Blitz"]
[Site "Kolkata IND"]
[Date "2022.12.03"]
[Round "5.2"]
[White "Vidit,S"]
[Black "Nakamura,Hi"]
[Result "1/2-1/2"]
[WhiteElo "2730"]
[BlackElo "2768"]

1.d4 Nf6 2.c4 e6 3.Nf3 d5 4.g3 Be7 5.Bg2 O-O 6.O-O dxc4 7.Qc2 b5 8.a4 Bb7
9.axb5 a6 10.bxa6 Nxa6 11.Qxc4 Bd5 12.Qc3 c5 13.Be3 Ne4 14.Qe1 Nb4 15.Rxa8 Qxa8
16.Nc3 Nxc3 17.bxc3 Nc2 18.Qd2 Nxe3 19.Qxe3 cxd4 20.cxd4 Bf6 21.Qf4 Bxf3
22.Bxf3 Qb8 23.Qe4 Qd6 24.e3 Rc8 25.h4 g6 26.Rb1 h5 27.Kg2 Kg7 28.Qb7 Qc7
29.Be4 Qxb7 30.Rxb7 Rd8 31.Bc2 Rd6 32.Bb3 Kf8 33.Kf3 Bd8 34.Ba4 Ra6 35.Bc2 Rd6
36.Ke2 Bf6 37.Ra7 Rd8 38.Kd3 Rd6 39.Bb3 Rd8 40.Rb7 Rd6 41.Ke4 Bd8 42.d5 exd5+
43.Bxd5 Be7 44.Rb8+ Rd8 45.Rb7 Ke8 46.Kd4 Kf8 47.e4 Ra8 48.Rc7 Ra4+ 49.Ke3 Ra3+
50.Ke2 Ra5 51.Kf1 Rc5 52.Rb7 Rc2 53.Kg2 Rc3 54.Ra7 Rc2 55.Rd7 Ke8 56.Rb7 Kf8
57.Rb3 Rc7 58.Rf3 Bc5 59.Rb3 Kg7 60.f4 Bd4 61.e5 Rc2+ 62.Kf3 Rc3+ 63.Rxc3 Bxc3
64.e6 fxe6 65.Bxe6 Be1 66.Bc4 Kh6 67.Bd3 Ba5 68.f5 gxf5 69.Bxf5 Be1 70.Kg2 Ba5
71.g4 hxg4 72.Bxg4  1/2-1/2

[Event "Tata Steel India Blitz"]
[Site "Kolkata IND"]
[Date "2022.12.03"]
[Round "6.5"]
[White "Nakamura,Hi"]
[Black "Maghsoodloo,Parham"]
[Result "1-0"]
[WhiteElo "2768"]
[BlackElo "2719"]

1.Nf3 c5 2.g3 Nc6 3.d4 d5 4.e3 Nf6 5.Bg2 cxd4 6.exd4 Bf5 7.O-O e6 8.c3 Bd6
9.Re1 O-O 10.Nbd2 b5 11.Nb3 h6 12.Ne5 Qc7 13.Bf4 a5 14.a4 b4 15.Rc1 Qb7 16.c4 Rfc8
17.Nxc6 Rxc6 18.Bxd6 Rxd6 19.c5 Rdd8 20.Qe2 Qc7 21.Qb5 Rdb8 22.Qe2 Qc6 23.Ra1 Be4
24.Bf1 Nd7 25.f3 Bg6 26.Qd2 Rb7 27.Rec1 Nb8 28.Bb5 Rxb5 29.axb5 Qxb5 30.c6 Nxc6
31.Rc5 Qb6 32.Rac1 Ne7 33.Qe2 a4 34.Rb5 Qa7 35.Nc5 Nc6 36.Rb7 Qa5 37.Nxe6 a3
38.bxa3 bxa3 39.Rb5 Qa7 40.Rbc5 a2 41.Ra1 Nxd4 42.Qxa2 Qxa2 43.Rxa2 Nxf3+
44.Kh1 Rb8 45.Rb2 Re8 46.Nf4 Be4 47.Kg2 g5 48.Nxd5 Kg7 49.Nc7 Rd8 50.Kf2 Nxh2
51.Ke3 Nf1+ 52.Kxe4 Nxg3+ 53.Kf3 Rd3+ 54.Kg2 Ne4 55.Ne8+ Kg6 56.Rb6+ f6 57.Rcc6 Rg3+
58.Kf1 h5 59.Ke2 Nc3+ 60.Kf2 Ne4+ 61.Ke2 Nc3+ 62.Kf1 Ne4 63.Re6 Rf3+ 64.Ke2 Rf4
65.Ke3 h4 66.Rxe4 Rf1 67.Rxf6+  1-0

[Event "Tata Steel India Blitz"]
[Site "Kolkata IND"]
[Date "2022.12.03"]
[Round "7.5"]
[White "Gukesh,D"]
[Black "Nakamura,Hi"]
[Result "1-0"]
[WhiteElo "2725"]
[BlackElo "2768"]

1.d4 Nf6 2.c4 e6 3.Nf3 d5 4.Nc3 Be7 5.cxd5 exd5 6.Bf4 O-O 7.e3 b6 8.Bd3 c5
9.O-O Bb7 10.Rc1 a6 11.Ne5 Nbd7 12.Qf3 Re8 13.Rfd1 Ra7 14.g4 c4 15.Bf5 Nf8
16.Bb1 Qa8 17.g5 Ne4 18.Nxe4 dxe4 19.Qh5 g6 20.Qh4 b5 21.Ng4 h5 22.Nh6+ Kh7
23.Nxf7 Bd5 24.Ne5 Nd7 25.f3 Nb6 26.Bg3 Qd8 27.Bf4 Qa8 28.Rf1 Bb4 29.Rf2 Kg7
30.Rcf1 Rf8 31.Bg3 exf3 32.Bxg6 Re7 33.e4 Bb7 34.Bf5 Rh8 35.Ng6 Rxe4 36.Bxe4 Bxe4
37.Nxh8 Nd7 38.g6 Qd5 39.Nf7 Qxd4 40.Qxh5 Bc5 41.Qh7+ Kf8 42.g7+ Qxg7 43.Qxg7+ Kxg7
44.Ng5 Bd5 45.Kh1 b4 46.Rd2 Ba8 47.Rxd7+ Kg6 48.Nxf3 c3 49.bxc3 bxc3 50.Rc7 Bb4
51.Be5  1-0

[Event "Tata Steel India Blitz"]
[Site "Kolkata IND"]
[Date "2022.12.03"]
[Round "9.1"]
[White "Praggnanandhaa,R"]
[Black "Nakamura,Hi"]
[Result "0-1"]
[WhiteElo "2684"]
[BlackElo "2768"]

1.Nf3 d5 2.g3 g6 3.Bg2 Bg7 4.O-O e5 5.d3 Nc6 6.e4 Nge7 7.Nc3 dxe4 8.dxe4 Be6
9.Qe2 Nd4 10.Nxd4 exd4 11.Nd5 O-O 12.Bg5 f6 13.Bf4 Rc8 14.Rad1 c5 15.Nxe7+ Qxe7
16.c3 Qf7 17.b3 dxc3 18.Qc2 g5 19.Bd6 Rfd8 20.Qxc3 Rd7 21.e5 Rcd8 22.Rde1 c4
23.exf6 Bxf6 24.Be5 Rd3 25.Qa1 c3 26.Be4 Bxe5 27.Bxd3 Rxd3 28.Rxe5 Bh3 29.Rxg5+ Kf8
30.Qc1 Qf3 31.Qa3+ Kf7 32.Rg7+ Kxg7 33.Qe7+ Kg6 34.Qe8+ Qf7 35.Qe4+ Bf5 36.Qe2 Qd7
37.h4 Rd2 38.h5+ Kf6 39.Qf3 c2 40.Qc3+ Qd4 41.Qc7 Rd1  0-1

[Event "Tata Steel India Blitz"]
[Site "Kolkata IND"]
[Date "2022.12.04"]
[Round "10.3"]
[White "Nakamura,Hi"]
[Black "Nihal,Sarin"]
[Result "1-0"]
[WhiteElo "2768"]
[BlackElo "2670"]

1.c4 Nf6 2.Nc3 e5 3.a3 c6 4.d4 exd4 5.Qxd4 d5 6.e3 Be6 7.cxd5 Nxd5 8.e4 Qb6
9.Nf3 Nxc3 10.Qxc3 Nd7 11.Nd4 Nc5 12.Nxe6 Nxe6 13.Bc4 Bc5 14.O-O Bd4 15.Qc2 O-O
16.Rb1 Rad8 17.b4 Qc7 18.g3 Bb6 19.Kg2 Nd4 20.Qd3 Qe7 21.Bb2 Rd7 22.Rfe1 Rfd8
23.Qc3 Ne6 24.Bxe6 fxe6 25.Re2 Bd4 26.Qc2 e5 27.Bc1 Qf7 28.Rb3 Rf8 29.f3 Rd6
30.Rd3 Rf6 31.Qb3 Qxb3 32.Rxb3 Rd6 33.Rd3 Rfd8 34.Bg5 R8d7 35.Red2 b6 36.Rd1 Kf7
37.Kf1 h6 38.Bc1 c5 39.Ke2 c4 40.R3d2 b5 41.f4 Ke6 42.h4 Bc3 43.f5+ Ke7 44.Rxd6 Rxd6
45.Rxd6 Kxd6 46.g4 a5 47.bxa5 Bxa5 48.f6 gxf6 49.Bxh6 b4 50.axb4 Bb6 51.Be3 Bd8
52.h5 Ke6 53.b5  1-0

[Event "Tata Steel India Blitz"]
[Site "Kolkata IND"]
[Date "2022.12.04"]
[Round "11.2"]
[White "So,W"]
[Black "Nakamura,Hi"]
[Result "0-1"]
[WhiteElo "2760"]
[BlackElo "2768"]

1.e4 e5 2.Nf3 Nc6 3.Bc4 Nf6 4.d3 Bc5 5.O-O d6 6.c3 a6 7.Re1 O-O 8.Bb3 Ba7
9.h3 h6 10.Nbd2 Re8 11.Nf1 Be6 12.Bc2 d5 13.exd5 Bxd5 14.Ng3 Qd6 15.Be3 Bxe3
16.Rxe3 g6 17.Qd2 Bxf3 18.Rxf3 e4 19.Re3 exd3 20.Rxd3 Qf8 21.Qf4 Kg7 22.Qxc7 Ne5
23.Rd4 b5 24.Bb3 a5 25.Ne4 Rac8 26.Qb6 Ned7 27.Rxd7 Nxd7 28.Qd4+ Ne5 29.Nd6 Rcd8
30.Nxe8+ Qxe8 31.Bd5 g5 32.Rd1 Qe7 33.f4 gxf4 34.Qxf4 Qc5+ 35.Qd4 Rxd5  0-1